000
00258nam a22000977a 4500
041
_a
ENG
245
_a
Report Of The Task Force on Application Of Agricural Biotechnology
260
_a
Delhi
_b
ICAR
_c
1998
650
_a
Competitive (47)
856
_u
Competitive (47)
999
_c
3073
_d
3073